| 000 | 00584nam a2200193Ia 4500 | ||
|---|---|---|---|
| 005 | 20260114185749.0 | ||
| 008 | 008 260114s9999 xx 000 0 eng d | ||
| 020 | _a9781350151574 | ||
| 037 | _aEBOOK | ||
| 040 |
_aCRL _beng _cCRL |
||
| 041 |
_aeng _2eng |
||
| 084 | _qCRL | ||
| 100 |
_aCezary Kucewicz _9874102 |
||
| 245 | 4 | _aThe Treatment of the War Dead in Archaic Athens An Ancestral Custom | |
| 260 |
_bBloomsbury _c2020 |
||
| 856 | _uhttps://doi.org/10.5040/9781350151574?locatt=label:secondary_bloomsburyCollections | ||
| 942 | _cEBOOK | ||
| 999 |
_c1473038 _d1473038 |
||